| 000 | 01118nam a2200193 a 4500 | ||
|---|---|---|---|
| 008 | 091103s2009 ||||||||||||||||| || u | ||
| 050 | _aKG 3646 Her | ||
| 100 | _aZambia. President (1991 - 2001: Chiluba) | ||
| 245 | 1 | 0 | _aHere I stand : verbatim testimony of second Republican President Dr. Frederick Chiluba |
| 246 | _aI did not steal public funds, infact government owes me money | ||
| 260 |
_aLusaka _bZDA Press Service _c2009 |
||
| 300 | _a80 pages | ||
| 350 | _a50000.00 | ||
| 500 | _aVerbatim testimony of second Republican President Dr. Frederick Chiluba before Ndola High Court deputy Registrar Jones Chinyama sitting as magistrate in Lusaka 27/01/2009 to 29/01/2009 | ||
| 650 | _aCHILUBA, FREDERICK--ZAMBIA--PRESIDENT OF | ||
| 700 | _aChiluba, Frederick Titus Jacob, 1943- | ||
| 995 |
_aSPECIAL COLLECTIONS _D50000.00 _e740480 _FCBU-MAIN LIBRARY (Kitwe) _H1 _I50000.00 _jZAM KG 3646 HER _M1 _UAVAILABLE _WDec 30, 2009 _y740480 _ZZambiana Collection |
||
| 995 |
_aSPECIAL COLLECTIONS _D50000.00 _e740481 _FCBU-MAIN LIBRARY (Kitwe) _H1 _I50000.00 _jZAM KG 3646 HER _M2 _UAVAILABLE _WDec 30, 2009 _y740481 _ZZambiana Collection |
||
| 999 |
_c76167 _d76167 |
||